| 000 | 00782nam a2200217Ia 4500 | ||
|---|---|---|---|
| 003 | GCL | ||
| 008 | 140319s9999 xx 000 0 ara d | ||
| 040 |
_aGCL / _cGCL |
||
| 082 | 0 | 4 |
_aط813.087 _bد س |
| 100 | 1 | _aدار الشروق | |
| 245 | 1 | 0 |
_a-سلسلة سكة السلامة-الطائرة المخطوفة-مهمة الى الكوكب ل-كنز جزيرة القرش-ثلاثة رجال فى متاهة / _cدار الشروق |
| 260 |
_aالقاهرة : _bدار الشروق ، _c1992 |
||
| 300 |
_a40 ص ؛ _c20 سم |
||
| 490 |
_aسلسلة سكة السلامة _v0 |
||
| 650 | 0 | 4 | _aقصص البطولات |
| 650 | 0 | 4 | _aالاطفال |
| 650 | 0 | 4 | _aالقصص البوليسية |
| 650 | 0 | 4 | _aالقصص |
| 650 | 0 | 4 | _aقصص الاطفال |
| 942 |
_2ddc _cBK |
||
| 999 |
_c57363 _d57363 |
||